[Event "Muensterland Verbandsklasse-A 1112"]
[Site "Germany"]
[Date "2011.10.08"]
[Round "2.8"]
[White "Stephan, Matthias"]
[Black "Tannhaeuser, Andreas"]
[Result "1-0"]
[WhiteElo "1678"]
[BlackElo "1003"]
[PlyCount "67"]
[EventDate "2011.09.17"]
[EventType "team-tourn"]
[EventRounds "9"]
[EventCountry "GER"]
[SourceTitle "EXT 2013"]
[Source "ChessBase"]
[SourceDate "2012.11.22"]
[SourceVersion "1"]
[SourceVersionDate "2012.11.22"]
[SourceQuality "1"]
[WhiteTeam "Telgte"]
[BlackTeam "Bocholt II"]
[WhiteTeamCountry "GER"]
[BlackTeamCountry "GER"]

1. d4 d5 2. c4 Nf6 3. Nc3 c6 4. Bg5 h6 5. Bh4 Bf5 6. e3 Nbd7 7. Qb3 b6 8. cxd5 cxd5 9. Nxd5 e6 10. Nxf6+ Nxf6 11. Bb5+ Ke7 12. Rc1 Rc8 13. Qb4+ Qd6 14. Qxd6+ Kxd6 15. Rxc8 e5 16. dxe5+ Kxe5 17. Nf3+ Ke6 18. 0-0 Ke7 19. Rc7+ Kd8 20. Rxa7 Be4 21. Ne5 Kc8 22. Rc1+ Kb8 23. Rxf7 Bd6 24. Bxf6 gxf6 25. Nd7+ Ka7 26. Nxf6+ Bb7 27. Ne4 Be5 28. f4 Bb8 29. Rc3 Ka8 30. Ra3+ Ba7 31. Nd6 Rb8 32. Nxb7 Rxb7 33. Rf8+ Rb8 34. Bc6# 1-0